000 00608nam a2200241Ia 4500
005 20260430150244.0
008 008 250103s9999 xx 000 0 eng d
037 _aTheses
040 _aCRL
040 _beng
040 _ceng
041 _2eng
041 _aeng
084 _qCRL
100 _aJha Amit Kumar Au.; Kanwar Sunil Gu.
_91236949
245 0 _aEconomic analysis of copyright piracy
260 _c2022
300 _a115p.
650 _aEconomics
700 _aUniversity of Delhi. Faculty of Social Sciences. Department of Economics
942 _cTH
999 _c1849341
_d1849341